| 000 | 01246cam a2200253 4500 | ||
|---|---|---|---|
| 001 | ABS63746 | ||
| 008 | 000000n2001 000 0 eng u | ||
| 035 | _a(Sirsi) u111725 | ||
| 100 | _aMorrison, A. | ||
| 245 | 2 | _aA bond honoured | |
| 260 | _c2001 | ||
| 490 |
_aEstates Gazette _v(0112) 24 March 2001, 148-149(2) |
||
| 520 | _aIn response to criticism, following a recent spate of high-profile closures, (Corus,Vauxhall, Ford) Trade and Industry secretary Steven Byers has announced plans to review arrangements in the UK on mass redundancies. This will consider whether new legislation should be introduced that would require large employers to consult more with their workers before redundancies are announced. Suggests any such new legislation would bring the UK into line with other more heavily regulated European Union states. Looks at employer/employee relations and employment costs across Europe, and considers how far these are likely to affect occupiers' locational decisions. | ||
| 590 | _aABS | ||
| 650 | _aREDUNDANCY | ||
| 650 | _aOCCUPIERS | ||
| 650 | _aCOSTS | ||
| 650 | _aCONSULTATION | ||
| 650 | _aEUROPE | ||
| 650 | _aEMPLOYMENT ISSUES | ||
| 650 | _aEMPLOYMENT LAW | ||
| 690 | _aMANAGEMENT | ||
| 942 | _n0 | ||
| 999 |
_c66565 _d66565 |
||